000 00604nam a22001697a 4500
003 OSt
005 20240614144907.0
008 240614b ||||| |||| 00| 0 eng d
040 _cAIMIT LIBRARY
100 _aFernandes, Assis Prajwal.
_e2116033
_9170845
245 _aComparative analysis of leverage of discoms in Karnataka /
_cBy Assis Prajwal Fernandes ; Guided by Dhananjay K.
260 _aMangalore
_c2023
650 _aResearch design
_9170846
700 _aK, Dhananjay.
_eGuide
_9170847
856 _3Mangalore Electricity Supply Company Limited
_ywww.mescom.karnataka.gov.in
942 _2ddc
_cPRO
999 _c231180
_d231180